| 000 | 00810cab a2200181 4500 | ||
|---|---|---|---|
| 001 | ##L133289 | ||
| 008 | 060426n2006 000 0 eng u | ||
| 035 | _a(Sirsi) u133289 | ||
| 041 | 0 | _aeng | |
| 100 | 1 | _aFrame, Alex | |
| 245 | 0 | 4 |
_aThe Party Wall etc Act 1996 _bpractice pitfalls _bpart 1 |
| 260 | _c2006 | ||
| 490 | 0 |
_aJournal of Building Appraisal _v1(4) 2005, 295-304(10) |
|
| 520 | _aConsiders some typical errors and misconceptions made by surveyors in respect of the Party Wall etc Act 1996, in particular notices, service of notice, the precise status of the party wall surveyor, the purpose of access, retrospective awards, fees, and challenging an award. | ||
| 650 | 2 | 4 | _aPARTY WALL ETC ACT 1996 |
| 690 | _aPROPERTY-PROPERTY MANAGEMENT-EASEMENTS-PARTY WALL SURVEYING-PARTY WALLS | ||
| 942 | _n0 | ||
| 999 |
_c76911 _d76911 |
||